Normal view
MARC view
Entry Personal Name
001 - CONTROL NUMBER
- control field: 638173
003 - CONTROL NUMBER IDENTIFIER
- control field: OSt
005 - DATE AND TIME OF LATEST TRANSACTION
- control field: 20221005130444.0
008 - FIXED-LENGTH DATA ELEMENTS
- fixed length control field: 221005|| aca||aabn | a|a d
040 ## - CATALOGING SOURCE
- Original cataloging agency: OSt
- Transcribing agency: OSt
100 ## - HEADING--PERSONAL NAME
- Personal name: Adam William
670 ## - SOURCE DATA FOUND
- Source citation: Work cat.: (OSt)1057306: Adam William, Reports on the state of education in Bengal 1835 and 1838 including some account of the state of education in Bihar etc ed by Anathnath Basu., 1941
